The Oral artist. (Record no. 9350)

000 -LEADER
fixed length control field 00466nam a2200145 4500
008 - FIXED-LENGTH DATA ELEMENTS--GENERAL INFORMATION
fixed length control field 151026b xxu||||| |||| 00| 0 eng d
020 ## - INTERNATIONAL STANDARD BOOK NUMBER
International Standard Book Number 9966461728
050 ## - LIBRARY OF CONGRESS CALL NUMBER
Classification number AFR GR 356.42 .K33 1997
100 ## - MAIN ENTRY--PERSONAL NAME
Personal name Kabira, Wanjiku M.
Dates associated with a name 1997.
245 ## - TITLE STATEMENT
Title The Oral artist.
Statement of responsibility, etc. Wanjiku M. Kabira.
260 ## - PUBLICATION, DISTRIBUTION, ETC. (IMPRINT)
Place of publication, distribution, etc. USA;
Name of publisher, distributor, etc. EAEP,
Date of publication, distribution, etc. 1997.
300 ## - PHYSICAL DESCRIPTION
Extent v, 105 p.
Dimensions 18cm.
650 ## - SUBJECT ADDED ENTRY--TOPICAL TERM
Topical term or geographic name as entry element African literature.
942 ## - ADDED ENTRY ELEMENTS (KOHA)
Source of classification or shelving scheme
Koha item type Short Loan Books
Classification part AFR GR 356.42 .K33 1997
Koha issues (borrowed), all copies 3
Holdings
Withdrawn status Lost status Source of classification or shelving scheme Damaged status Not for loan Home library Current library Shelving location Date acquired Total Checkouts Full call number Barcode Date last seen Date last checked out Price effective from Koha item type
          MACHAKOS UNIVERSITY LIBRARY MACHAKOS UNIVERSITY LIBRARY Africana 26/10/2015 3 GR 356.42 .K33 1997 17178 21/02/2020 21/05/2018 26/10/2015 Africana (Books)
© Machakos University Library, Along The Highway, Machakos Wote Rd, Machakos, Kenya P.O. Box 136 - 90100 Machakos - Kenya

Tel: ( +254 ) 723 805829 OR Fax : 044-20353 OR Email: library@mksu.ac.ke